000 01521cam a2200385 a 4500
001 14665341
003 OSt
005 20140310182820.0
008 061211s2007 mau b 001 0 eng
010 _a 2006101127
015 _aGBA702458
_2bnb
016 7 _a013639581
_2Uk
020 _a0738210803 (hardcover : alk. paper)
020 _a9780738211138
035 _a(OCoLC)ocm76967278
040 _aDLC
_cDLC
_dYDX
_dBAKER
_dBTCTA
_dMEA
_dYDXCP
_dVP@
_dUKM
_dOUN
_dSMP
_dCQU
_dDLC
050 0 0 _aRJ 506.D4
_b.G74 2007
100 1 _aGreenberg, Rosalie.
245 1 0 _aBipolar kids :
_bhelping your child find calm in the mood storm /
_cRosalie Greenberg.
250 _a1st Da Capo press ed.
260 _aCambridge, MA :
_bDa Capo Life Long,
_c2007.
300 _a294 p. :
_c24 cm.
504 _aIncludes bibliographical references (p. 267-286) and index.
521 _aEDU
650 0 _aManic-depressive illness in children.
650 2 _aBipolar Disorder
650 2 _aChild Psychiatry
856 4 1 _3Table of contents only
_uhttp://www.loc.gov/catdir/toc/ecip076/2006101127.html
856 4 2 _3Contributor biographical information
_uhttp://www.loc.gov/catdir/enhancements/fy0833/2006101127-b.html
856 4 2 _3Publisher description
_uhttp://www.loc.gov/catdir/enhancements/fy0833/2006101127-d.html
906 _a7
_bcbc
_corignew
_d1
_eecip
_f20
_gy-gencatlg
942 _2lcc
_cBK
_kFOR
999 _c16367
_d16367